000 00422nam a2200181Ia 4500
001 10161
005 20260306161811.0
008 260306t1948||||xx |||||||||||||| ||spa||
041 _aESP
082 _a901
_bT869B
100 _aToynbee, Arnold J.
_eAUT
245 0 _aCivilization on trial
260 _c1948
300 _avii, 263 páginas :
_c20 cm.
650 _aGEN
654 _aCHU
942 _cLIB
_dJUS
_fJUS
_2ddc
_n
999 _c10161
_d10161